Rada pre hospodársky rozvoj Slovenska o slovenskej ceste privatizácie

Bibliographic Details
Main Author: Švec, Peter, 1969- (Author)
Format: Article
Language:Slovak
Subjects:

MARC

LEADER 00000nab a2200000 a 4500
001 vtls000619357
003 SK-MaSNL
005 20260304013130.0
008 160401c1997 xo 0 slo
015 |a SNBRB19rr/mm-uuuuu 
035 |a CL0619496 
040 |a SNKBUCL  |b slo  |c SNKBUCL  |e AACR2 
041 0 |a slo 
044 |a xo  |c SK 
080 |a 338.246(437.6):338.24:061.2.043(437.6):061.3  |2 1981 
080 |a 338.24:061.2.043(437.6)  |2 1981 
100 1 |a Švec, Peter,  |d 1969-  |4 aut  |9 40019 
245 1 0 |a Rada pre hospodársky rozvoj Slovenska o slovenskej ceste privatizácie  |c Peter Švec 
650 0 7 |a privatizácia  |2 snkbucl  |9 2343 
650 0 7 |a Rada pre hospodársky rozvoj Slovenska  |2 snkbucl  |9 898400 
655 7 |a články z novín a časopisov  |2 snkbucl  |9 267496 
773 0 |t Trend  |g Č. 6 (1997), s. 11A 
850 |a Slovenská národná knižnica v Martine  |a MTA001 
852 |a SNK  |b KIS3GCP 
958 |a SK 
958 |a RK 
958 |a RBX 
999 |c 2574591  |d 2576521